| 000 | 00674nam a22002177a 4500 | ||
|---|---|---|---|
| 001 | 62279 | ||
| 003 | BD-RjUL | ||
| 005 | 20211209081050.0 | ||
| 008 | 170123s2008 bg a|||| |||| 00| 0 eng d | ||
| 035 | _a(BD-RjUL)62405 | ||
| 040 |
_aBD-RjUL _beng _cBD-RjUL |
||
| 041 | _aeng | ||
| 082 |
_223 _a658.3124 _bKAM 2008 |
||
| 100 | 1 |
_aKarim, Md. Serajul. _9185241 |
|
| 245 | 1 | 0 |
_aHuman resource development for quality management / _cMd. Serajul Karim. |
| 260 |
_aDhaka, Bangladesh : _bPervin Sultana Sahittaya Prokasoni, _c2008. |
||
| 300 |
_a96 p. : _bill. ; _c21 cm. |
||
| 650 |
_aEmployees _xTraining of. _9182618 |
||
| 650 |
_aPersonnel management. _9170518 |
||
| 942 |
_2ddc _cBK |
||
| 999 |
_c62279 _d62279 |
||